000 00397nam a2200169Ia 4500
003 OSt
005 20240214123100.0
008 170619s9999 xx 000 0 und d
020 _a9781403927606
040 _cIIMT ENGINEERING COLLEGE
100 _aChodhary- N
245 0 _aTextbook of Marketing of Services
260 _bmacmillan
260 _c2010
546 _aENGLISH
942 _2ddc
_c02
999 _c22793
_d22793